000 00654nam a22002057a 4500
999 _c3479
_d3479
003 AR-CdUCM
008 190306b ||||| |||| 00| 0 spa d
040 _aMUNICIPALIDAD PROVINCIAL DEL CUSCO
_cBIBLIOTECA MUNICIPAL DEL CUSCO
082 _a869.963 /
_bH557
100 _aHernández Espinosa, Eugenio
_911442
245 _aLa simona /
260 _aLa Habana :
_bCasa de las Américas,
_c1977.
300 _a169 páginas ;
_c19 cm.
505 _aContenido: Primera ordenanza -- Segunda ordenanza -- Tercera ordenanza...
650 _aTeatro cubano
_911443
650 _aSiglo XX
_98
650 _aNarrativa
_967
942 _2ddc
_cLIBROS
945 _adavv